Analýza výkonnosti ekonomiky Slovenska

Dôležitosť makroekonomických a odvetvových analýz na základe zhrnutia teoretických poznatkov ako základných východísk a predpokladov realizácie týchto analýz, s následným hodnotiacim komentárom. Hodnotenie vývoja HDP SR v rokoch 1996 až 2003. Odhadovaný výkon ekonomiky SR do roku 2007.

Na minha lista:
Detalhes bibliográficos
Autor principal: Kadlečík, Kristián
Formato: Capítulo de Livro
Idioma:eslovaco
Assuntos:
Tags: Adicionar Tag
Sem tags, seja o primeiro a adicionar uma tag!

MARC

LEADER 00000naa$a2200000$$$4500
001 0020849
005 20231004124835.7
041 0 |a slo 
044 |a SK 
245 1 0 |a Analýza výkonnosti ekonomiky Slovenska  |c Kristián Kadlečík 
520 |a Dôležitosť makroekonomických a odvetvových analýz na základe zhrnutia teoretických poznatkov ako základných východísk a predpokladov realizácie týchto analýz, s následným hodnotiacim komentárom. Hodnotenie vývoja HDP SR v rokoch 1996 až 2003. Odhadovaný výkon ekonomiky SR do roku 2007. 
610 2 0 |a dynamika ekonomiky 
610 2 0 |a analýzy 
610 2 0 |a výkonnosť ekonomiky 
610 2 0 |a makroekonomika 
610 2 0 |a produkt domáci hrubý 
610 2 0 |a produkt domáci čistý 
610 2 0 |a prognózy hospodárske 
610 2 0 |a Slovensko 
100 1 |a Kadlečík, Kristián